| 000 | 00428nam a22001697a 4500 | ||
|---|---|---|---|
| 999 |
_c6580 _d6580 |
||
| 003 | GBCCL | ||
| 005 | 20241126110606.0 | ||
| 008 | 180518b ||||| |||| 00| 0 eng d | ||
| 040 | _cgbc | ||
| 082 |
_aVER 252 _bCHI |
||
| 100 |
_aChinsuanthang, H. _911781 |
||
| 245 |
_aThe ten sermons / _cH. Chinsuanthang |
||
| 260 |
_aNew Lamka: _bH. Siamtei, _c1995 |
||
| 300 |
_avol., _c18 cm. |
||
| 650 |
_aSermons _96067 |
||
| 942 |
_2ddc _cBK _01 |
||